00887cam a22002414a 45000010009000000050017000090080041000260100017000670200040000840400018001240420008001420500036001500820025001862450057002112600056002683000026003244400054003505040064004046500040004686500026005087000029005348560082005631413759920170105102934.0051011s2006 cou b 001 0 eng  a 2005029752 a158826436X (hardcover : alk. paper) aDLCcDLCdDLC apcc00aHF1410b.I579 vol. 15aHD2755.500a338.88222bKHA 200700aGlobal corporate power /cedited by Christopher May. aBoulder, Colo. :bLynne Rienner Publishers.,c2007. avii, 330 p. ;c24 cm. 0aInternational political economy yearbook ;vv. 15 aIncludes bibliographical references (p. 283-318) and index. 0aInternational business enterprises. 0aCorporate governance.1 aMay, Christopher,d1960-413Table of contents onlyuhttp://www.loc.gov/catdir/toc/ecip061/2005029752.html